Normal view
MARC view
Entry Personal Name
001 - CONTROL NUMBER
- control field: 83473
003 - CONTROL NUMBER IDENTIFIER
- control field: dpl
005 - DATE AND TIME OF LATEST TRANSACTION
- control field: 20250729145944.0
008 - FIXED-LENGTH DATA ELEMENTS
- fixed length control field: 250729|| aca||aabn | a|a d
040 ## - CATALOGING SOURCE
- Original cataloging agency: dpl
- Transcribing agency: dpl
100 ## - HEADING--PERSONAL NAME
- Personal name: माओ, ए ए
670 ## - SOURCE DATA FOUND
- Source citation: Work cat.: (dpl)212714: पवार सिंह ,गिरिराज 83469, उतर पश्चिमी हिमालय की संकटग्रस्त प्रजातियों का संरक्षण एवं प्रवर्धन /
